000 00826nam a2200205 a 4500
001 BRCA_2286
005 20190320203738.0
008 140408s2003----sp-o---###---#000-0#spa-#
020 _a8482152564
050 4 _aTS1000
_b.Z37 2003
245 1 0 _aEl zapato
_b50 siglos de historia a nuestros pies.
260 _aMadrid
_bMadrid Vive la Moda
_c2003
300 _a155 p.
_bil. a color, fotografías
_c29 cm.
500 _aCatálogo de la exposición realizada en el Centro Cultural Casa de Vacas. Parque del Buen Retiro (Madrid), 17 septiembre - 2 octubre, 2003
546 _aTexto en : español e inglés
610 2 4 _aMuseo del Calzado de Elda (Alicante, España)
_xColecciones
_96847
611 2 4 _aFeria de Madrid (IFEMA)
_d2003
_vExposiciones
_96848
650 1 4 _aCalzado
_xHistoria
_ySiglos IV a.c. al XX
_96849
942 _2lcc
_cB
999 _c2032
_d2032